<?xml version="1.0" encoding="UTF-8"?>
<record
    xmlns:xsi="http://www.w3.org/2001/XMLSchema-instance"
    xsi:schemaLocation="http://www.loc.gov/MARC21/slim http://www.loc.gov/standards/marcxml/schema/MARC21slim.xsd"
    xmlns="http://www.loc.gov/MARC21/slim">

  <leader>00844nam a2200205Ia 4500</leader>
  <controlfield tag="003">OSt</controlfield>
  <controlfield tag="005">20240920120131.0</controlfield>
  <controlfield tag="008">210210b1998   xxu||||| |||| 00| 0 eng d</controlfield>
  <datafield tag="040" ind1=" " ind2=" ">
    <subfield code="c">AL</subfield>
  </datafield>
  <datafield tag="041" ind1=" " ind2=" ">
    <subfield code="a">Kannada</subfield>
  </datafield>
  <datafield tag="082" ind1=" " ind2=" ">
    <subfield code="a">K894.4 MALB</subfield>
  </datafield>
  <datafield tag="100" ind1=" " ind2=" ">
    <subfield code="a">MALLIKARJUNA (G N).</subfield>
    <subfield code="d">&#xCAE;&#xCB2;&#xCCD;&#xCB2;&#xCBF;&#xC95;&#xCBE;&#xCB0;&#xCCD;&#xC9C;&#xCC1;&#xCA8; (&#xC9C;&#xCBF; &#xC8E;&#xCA8;&#xCCD;)</subfield>
    <subfield code="9">179742</subfield>
  </datafield>
  <datafield tag="245" ind1=" " ind2=" ">
    <subfield code="a">Bodhivrakshada kelage:svatantroyottara Bharatada abhivraddhiya vinyasagalu.</subfield>
    <subfield code="b">&#xCAC;&#xCCB;&#xCA7;&#xCBF;&#xCB5;&#xCC3;&#xC95;&#xCCD;&#xCB7;&#xCA6; &#xC95;&#xCC6;&#xCB3;&#xC97;&#xCC6;:&#xCB8;&#xCCD;&#xCB5;&#xCBE;&#xCA4;&#xC82;&#xCA4;&#xCCD;&#xCB0;&#xCCB;&#xCA4;&#xCCD;&#xCA4;&#xCB0; &#xCAD;&#xCBE;&#xCB0;&#xCA4;&#xCA6; &#xC85;&#xCAD;&#xCBF;&#xCB5;&#xCC3;&#xCA6;&#xCCD;&#xCA7;&#xCBF;&#xCAF; &#xCB5;&#xCBF;&#xCA8;&#xCCD;&#xCAF;&#xCBE;&#xCB8;&#xC97;&#xCB3;&#xCC1;. </subfield>
  </datafield>
  <datafield tag="260" ind1=" " ind2=" ">
    <subfield code="a">Malladihalli</subfield>
    <subfield code="b">Anandakanda Granthamale</subfield>
    <subfield code="c">1998</subfield>
  </datafield>
  <datafield tag="300" ind1=" " ind2=" ">
    <subfield code="a">xiii,127</subfield>
  </datafield>
  <datafield tag="650" ind1=" " ind2=" ">
    <subfield code="a">Udarikarana Grama svarajy Parisara malinya Anhusthavaragalu</subfield>
    <subfield code="9">179743</subfield>
  </datafield>
  <datafield tag="690" ind1=" " ind2=" ">
    <subfield code="a">Kannada Prose</subfield>
    <subfield code="9">179744</subfield>
  </datafield>
  <datafield tag="906" ind1=" " ind2=" ">
    <subfield code="a">SG03479</subfield>
  </datafield>
  <datafield tag="942" ind1=" " ind2=" ">
    <subfield code="2">ddc</subfield>
    <subfield code="c">BK</subfield>
  </datafield>
  <datafield tag="999" ind1=" " ind2=" ">
    <subfield code="c">114508</subfield>
    <subfield code="d">114508</subfield>
  </datafield>
  <datafield tag="952" ind1=" " ind2=" ">
    <subfield code="0">0</subfield>
    <subfield code="1">0</subfield>
    <subfield code="4">0</subfield>
    <subfield code="7">0</subfield>
    <subfield code="8">Kannada Literature</subfield>
    <subfield code="a">AL</subfield>
    <subfield code="b">AL</subfield>
    <subfield code="c">Kannada Literature</subfield>
    <subfield code="d">2021-02-17</subfield>
    <subfield code="e">Athree Book Centre, Mangalore-01.</subfield>
    <subfield code="g">0.00</subfield>
    <subfield code="l">0</subfield>
    <subfield code="o">K894.4 MALB</subfield>
    <subfield code="p">SG03479</subfield>
    <subfield code="r">2021-02-17 00:00:00</subfield>
    <subfield code="w">2021-02-17</subfield>
    <subfield code="y">SG</subfield>
  </datafield>
</record>
